3 Movies, 1 Missing Word VIII Quiz Stats

Quiz Updated Oct 20, 2017

Challenge
Share
Tweet
Embed
Score 0/33 Timer 04:00
3 Plays Today
% Correct
Kid
96.9%
Beauty
96.9%
Great
96.5%
Meet
96.4%
Dawn
96.4%
Dogs
96.3%
Sense
96.1%
Family
96%
Green
95.9%
Angels
95.9%
Vampire
95.9%
Show
95.3%
John
95.2%
Guy
95.2%
Movie
95%
Mask
94.9%
Hours
94.6%
% Correct
Road
94.3%
Left
93.7%
Adventure
93.6%
Edge
93.2%
Gun
93.1%
Water
92.7%
Fire
91.9%
Black
91.7%
47
90.8%
Running
90.8%
Fear
90.5%
Bone
89.9%
Battle
89.7%
Impact
89.5%
Eight
87.2%
Rise
83.4%

You're not logged in!

Compare scores with friends on all Sporcle quizzes.
Sign Up with Email
OR
Log In

You Might Also Like...

Show Comments

Extras

Top Quizzes Today


Score Distribution

Your Account Isn't Verified!

In order to create a playlist on Sporcle, you need to verify the email address you used during registration. Go to your Sporcle Settings to finish the process.